000 01028 a2200241 4500
999 _c9110
_d9110
020 _a0198765134
020 _a0198265557
050 0 0 _aKF5402 BRO 1998
100 1 _aBrown, L. Neville
_d1923-2008.
_eauthor
245 1 0 _aFrench administrative law /
_bL. Neville Brown, John S. Bell with the assistance of Jean-Michel Galabert.
250 _a5th ed.
264 _aOxford :
_bClarendon Press,
_c1998.
300 _axxix, 358 p., [1] p. of plates :
_bill. ;
500 _aIncludes index
504 _aIncludes bibliographical references (p. [342]-345)
650 0 _aAdministrative law
700 1 _aBell, John,
_d1953-
_eauthor
700 1 _aGalabert, Jean-Michel.
_eauthor
856 4 2 _3Publisher description
_uhttp://www.loc.gov/catdir/enhancements/fy0639/98011115-d.html
856 4 1 _3Table of contents only
_uhttp://www.loc.gov/catdir/enhancements/fy0639/98011115-t.html
942 _2lcc
_cBK
_e5th ed.
_h5402
_iBRO
_kKF